[Event "GRE-chT U16"]
[Site "Thessaloniki"]
[Date "2019.11.28"]
[Round "1.1"]
[White "Alexakis, Dimitris"]
[Black "Peppas, Hrisovaladis"]
[Result "1-0"]
[WhiteElo "2459"]
[BlackElo "1931"]
[PlyCount "91"]
[EventDate "2019.11.28"]
[EventType "team-swiss"]
[EventRounds "6"]
[EventCountry "GRE"]
[SourceTitle "CBM 193 Extra"]
[Source "ChessBase"]
[SourceDate "2020.01.31"]
[SourceVersion "1"]
[SourceVersionDate "2020.01.31"]
[SourceQuality "1"]
[WhiteTeam "Peiraikos"]
[BlackTeam "Trikalon"]
[WhiteTeamCountry "GRE"]
[BlackTeamCountry "GRE"]

1. e4 c5 2. Nf3 e6 3. d4 cxd4 4. Nxd4 a6 5. Bd3 Qc7 6. 0-0 Nf6 7. Kh1 Bc5 8. Nb3 Ba7 9. Qe2 Nc6 10. f4 d6 11. Be3 Bxe3 12. Qxe3 Bd7 13. Nc3 0-0-0 14. a4 Kb8 15. Nb5 axb5 16. axb5 Nb4 17. Qa7+ Kc8 18. Qd4 Nc6 19. bxc6 Bxc6 20. e5 Nd5 21. Ra8+ Kd7 22. Rxd8+ Rxd8 23. c4 Ne7 24. c5 d5 25. Ra1 Rb8 26. Qc3 Ng6 27. Bxg6 hxg6 28. Nd4 b6 29. Ra6 Ra8 30. Rxa8 Bxa8 31. b4 bxc5 32. Qxc5 Qxc5 33. bxc5 Bc6 34. g4 Ba4 35. Kg2 Bd1 36. h3 Ba4 37. Kf2 Kc7 38. Ke3 Bd7 39. h4 Ba4 40. f5 Bd1 41. fxg6 fxg6 42. Kf4 Kd7 43. Kg5 Ke7 44. c6 Ba4 45. Kxg6 Bd1 46. g5 1-0

[Event "GRE-ch U20"]
[Site "Trikala"]
[Date "2019.05.05"]
[Round "8"]
[White "Peppas, Hrisovaladis"]
[Black "Tsarsitalidis, Christos"]
[Result "1-0"]
[WhiteElo "2006"]
[BlackElo "1740"]
[PlyCount "73"]
[EventDate "2019.04.30"]
[EventType "swiss"]
[EventRounds "9"]
[EventCountry "GRE"]
[SourceTitle "CBM 190 Extra"]
[Source "ChessBase"]
[SourceDate "2019.07.15"]
[SourceVersion "1"]
[SourceVersionDate "2019.07.15"]
[SourceQuality "1"]

1. d4 d5 2. Nf3 e6 3. c4 Nf6 4. Bg5 Be7 5. Nc3 0-0 6. e3 Nbd7 7. Qc2 Re8 8. Bd3 Nf8 9. Ne5 c6 10. 0-0 N6d7 11. Bxe7 Qxe7 12. Nxd7 Bxd7 13. e4 dxc4 14. Bxc4 e5 15. d5 Rac8 16. Qe2 cxd5 17. exd5 Ng6 18. g3 Qc5 19. Bb3 Bh3 20. Rfd1 Qb6 21. Ne4 Nf4 22. gxf4 Qg6+ 23. Ng3 exf4 24. Qh5 Qxh5 25. Nxh5 Bg4 26. Nxf4 Bxd1 27. Rxd1 Re4 28. Ng2 a5 29. d6 Rd8 30. Ne3 b5 31. Bd5 Re5 32. Bb7 Kf8 33. d7 Ke7 34. Bc8 Re6 35. Nf5+ Kf8 36. Nd6 Ke7 37. Nb7 1-0

[Event "GRE-ch U20"]
[Site "Trikala"]
[Date "2019.05.03"]
[Round "5"]
[White "Stamatis, Vasilios"]
[Black "Peppas, Hrisovaladis"]
[Result "1-0"]
[WhiteElo "1602"]
[BlackElo "2006"]
[PlyCount "99"]
[EventDate "2019.04.30"]
[EventType "swiss"]
[EventRounds "9"]
[EventCountry "GRE"]
[SourceTitle "CBM 190 Extra"]
[Source "ChessBase"]
[SourceDate "2019.07.15"]
[SourceVersion "1"]
[SourceVersionDate "2019.07.15"]
[SourceQuality "1"]

1. d4 Nf6 2. Bf4 e6 3. e3 c5 4. c3 d5 5. Nd2 Nc6 6. Ngf3 Bd6 7. Bg3 cxd4 8. exd4 Nh5 9. Bd3 Nf4 10. Bxf4 Bxf4 11. 0-0 Bd7 12. Qe2 0-0 13. Rad1 Qa5 14. Nb3 Qc7 15. Bb1 Na5 16. Nc5 Bc6 17. Nd3 Ba4 18. Bc2 Bxc2 19. Qxc2 Bd6 20. Rfe1 b5 21. a3 Nc4 22. g3 a5 23. Nd2 Rfb8 24. Ra1 Qb6 25. b4 Rb7 26. Nxc4 dxc4 27. Nc5 Rba7 28. Qb2 axb4 29. axb4 e5 30. Nd7 Rxa1 31. Rxa1 Rxa1+ 32. Qxa1 Qb7 33. Nxe5 h5 34. Qd1 f6 35. Nf3 Qe4 36. Kg2 f5 37. Qe1 Kf8 38. Qxe4 fxe4 39. Nd2 Kf7 40. Nxe4 Be7 41. f4 Ke6 42. Kf3 Kd5 43. Ke3 Bd8 44. Ng5 Bf6 45. Nf3 Be7 46. h3 Bf6 47. g4 hxg4 48. hxg4 Be7 49. g5 Bd6 50. Nh4 1-0

[Event "HUN-chT2 Barcza 1819"]
[Site "Hungary"]
[Date "2018.11.18"]
[Round "6.9"]
[White "Mihok, Laszlo"]
[Black "Peppas, Hrisovaladis"]
[Result "0-1"]
[WhiteElo "2105"]
[BlackElo "2102"]
[PlyCount "94"]
[EventDate "2018.09.23"]
[EventType "team-tourn"]
[EventRounds "11"]
[EventCountry "HUN"]
[SourceTitle "CBM 189 Extra"]
[Source "ChessBase"]
[SourceDate "2019.06.03"]
[SourceVersion "1"]
[SourceVersionDate "2019.06.03"]
[SourceQuality "1"]
[WhiteTeam "Edeleny"]
[BlackTeam "Nyiregyhaza SISE"]
[WhiteTeamCountry "HUN"]
[BlackTeamCountry "HUN"]

1. d4 Nf6 2. Bg5 Ne4 3. Bf4 d5 4. e3 e6 5. Bd3 Nd6 6. Nf3 Nd7 7. b3 c5 8. Nbd2 Qa5 9. 0-0 b6 10. c4 Bb7 11. Qc2 Rc8 12. Qb1 cxd4 13. exd4 dxc4 14. bxc4 Bxf3 15. gxf3 Be7 16. Qb3 g5 17. Be3 Nf5 18. Rfd1 h6 19. Rac1 Kf8 20. Qb5 Qxb5 21. cxb5 Kg7 22. Ne4 Ba3 23. Rc4 Rxc4 24. Bxc4 Rc8 25. Bb3 Ne7 26. Nd2 Bd6 27. Nc4 Bb8 28. Bc1 Nd5 29. Ba3 Nc3 30. Rd3 Nxb5 31. Bb2 Kf8 32. d5 Nc5 33. Rd1 Nxb3 34. axb3 Rd8 35. Ne3 Bf4 36. dxe6 Rxd1+ 37. Nxd1 fxe6 38. Ne3 e5 39. Kf1 Nd4 40. Bxd4 exd4 41. Nf5 d3 42. Nxh6 Ke7 43. Nf5+ Ke6 44. Ne3 Ke5 45. h3 Kd4 46. Ng2 Kc3 47. Nxf4 gxf4 0-1

[Event "HUN-chT2 Barcza 1819"]
[Site "Hungary"]
[Date "2018.09.23"]
[Round "1.9"]
[White "Peppas, Hrisovaladis"]
[Black "Kaman, Attila"]
[Result "0-1"]
[WhiteElo "2102"]
[BlackElo "2068"]
[PlyCount "74"]
[EventDate "2018.09.23"]
[EventType "team-tourn"]
[EventRounds "11"]
[EventCountry "HUN"]
[SourceTitle "CBM 189 Extra"]
[Source "ChessBase"]
[SourceDate "2019.06.03"]
[SourceVersion "1"]
[SourceVersionDate "2019.06.03"]
[SourceQuality "1"]
[WhiteTeam "Nyiregyhaza SISE"]
[BlackTeam "Hajduboszormeny"]
[WhiteTeamCountry "HUN"]
[BlackTeamCountry "HUN"]

1. d4 Nf6 2. Nf3 c5 3. d5 d6 4. c4 g6 5. Nc3 Bg7 6. e4 0-0 7. Bd3 e5 8. dxe6 Bxe6 9. h3 Nc6 10. Be3 Qe7 11. 0-0 Ne5 12. Nxe5 dxe5 13. Nd5 Bxd5 14. cxd5 c4 15. Bc2 Rfc8 16. a4 Ne8 17. Rb1 Nd6 18. Qd2 b6 19. Rfe1 Rc7 20. Bg5 Bf6 21. Bxf6 Qxf6 22. f4 Re8 23. f5 gxf5 24. exf5 e4 25. Qf4 Rce7 26. g4 Re5 27. Rbd1 Qh4 28. Qe3 h5 29. Re2 Kh7 30. Rg2 f6 31. Qa3 e3 32. g5 e2 33. Qxd6 exd1Q+ 34. Bxd1 Qd4+ 35. Rf2 Qxd1+ 36. Kh2 Re2 37. g6+ Kg7 0-1

[Event "Lutsk Nebesna Sotnya Memorial blitz"]
[Site "Lutsk"]
[Date "2017.02.17"]
[Round "1"]
[White "Mirzoev, Emil"]
[Black "Peppas, Hrisovaladis"]
[Result "1-0"]
[WhiteElo "2446"]
[BlackElo "1874"]
[PlyCount "87"]
[EventDate "2017.02.17"]
[EventType "swiss (blitz)"]
[EventRounds "15"]
[EventCountry "UKR"]
[SourceTitle "CBM 176 Extra"]
[Source "ChessBase"]
[SourceDate "2017.03.02"]
[SourceVersion "1"]
[SourceVersionDate "2017.03.02"]
[SourceQuality "1"]

1. e4 c5 2. Nc3 e6 3. g3 Nc6 4. Bg2 a6 5. d3 Qc7 6. f4 d6 7. Nf3 Be7 8. 0-0 h5 9. h3 b6 10. Be3 Bb7 11. d4 cxd4 12. Nxd4 Nxd4 13. Bxd4 Bf6 14. a4 Bxd4+ 15. Qxd4 Qc5 16. Rad1 Ne7 17. Kh2 Qxd4 18. Rxd4 Rd8 19. Rfd1 d5 20. exd5 exd5 21. Nxd5 Bxd5 22. Bxd5 Nf5 23. Re4+ Kf8 24. Bc6 Rc8 25. c3 g6 26. Bb7 Rc7 27. Rd8+ Kg7 28. Rxh8 Kxh8 29. Bxa6 Rd7 30. g4 Rd2+ 31. Re2 Rxe2+ 32. Bxe2 Ne3 33. gxh5 gxh5 34. Bxh5 Nc4 35. b3 Nd6 36. b4 Kg7 37. a5 bxa5 38. bxa5 Nc4 39. a6 Nb6 40. Bf3 Nc8 41. Kg3 Kf6 42. h4 Kg6 43. Bb7 Na7 44. c4 1-0

[Event "Olkhovskiy Memorial rapid"]
[Site "Vinnytsia"]
[Date "2016.04.23"]
[Round "1"]
[White "Peppas, Hrisovaladis"]
[Black "Omelja, Artem"]
[Result "0-1"]
[WhiteElo "1930"]
[BlackElo "2320"]
[PlyCount "94"]
[EventDate "2016.04.23"]
[EventType "swiss (rapid)"]
[EventRounds "13"]
[EventCountry "UKR"]
[SourceTitle "CBM 172 Extra"]
[Source "ChessBase"]
[SourceDate "2016.06.21"]
[SourceVersion "1"]
[SourceVersionDate "2016.06.21"]
[SourceQuality "1"]

1. d4 f5 2. c4 Nf6 3. Nc3 d6 4. Nf3 g6 5. g3 Bg7 6. Bg2 0-0 7. 0-0 Nc6 8. Rb1 e5 9. dxe5 dxe5 10. Bg5 e4 11. Qxd8 Rxd8 12. Nd2 Be6 13. Rfd1 Rd7 14. f3 exf3 15. Bxf3 Rad8 16. Nd5 Kf7 17. Nb3 b6 18. Rd2 Ne5 19. Nxf6 Bxf6 20. Bxf6 Kxf6 21. Rbd1 Rxd2 22. Rxd2 Rxd2 23. Nxd2 Nxc4 24. Nxc4 Bxc4 25. a3 Ke5 26. e3 c5 27. Kf2 a5 28. Bc6 b5 29. Bb7 b4 30. axb4 cxb4 31. Bc6 Bb3 32. Ke2 a4 33. Kd3 a3 34. bxa3 bxa3 35. Kc3 Bd5 36. Bb5 Ke4 37. Ba4 Kxe3 38. Bd1 g5 39. h4 gxh4 40. gxh4 f4 41. Bc2 h6 42. Bd1 Kf2 43. Kc2 Kg3 44. h5 f3 45. Bxf3 Bxf3 46. Kb3 Bxh5 47. Kxa3 Bf3 0-1

[Event "Mukachevo Rating 29th"]
[Site "Mukachevo"]
[Date "2016.02.06"]
[Round "7"]
[White "Peppas, Hrisovaladis"]
[Black "Khabinets, Ivan"]
[Result "0-1"]
[WhiteElo "1858"]
[BlackElo "2106"]
[PlyCount "190"]
[EventDate "2016.02.03"]
[EventType "swiss"]
[EventRounds "9"]
[EventCountry "UKR"]
[SourceTitle "CBM 170 Extra"]
[Source "ChessBase"]
[SourceDate "2016.02.25"]
[SourceVersion "1"]
[SourceVersionDate "2016.02.25"]
[SourceQuality "1"]

1. d4 Nf6 2. c4 e6 3. Nc3 d5 4. Nf3 Be7 5. g3 0-0 6. Bg2 c6 7. 0-0 Nbd7 8. cxd5 exd5 9. Bg5 h6 10. Bxf6 Nxf6 11. Ne5 Bf5 12. Rc1 Re8 13. Na4 Bd6 14. Nd3 Ne4 15. Nac5 Nxc5 16. Nxc5 Re7 17. e3 Qa5 18. a3 Qb6 19. Qd2 a5 20. Rfe1 Bxc5 21. Rxc5 Bg6 22. h4 Ree8 23. Rec1 a4 24. Bf3 Be4 25. Bxe4 Rxe4 26. Kg2 g6 27. Qe2 Kg7 28. R1c2 Rae8 29. Qd2 Ra8 30. Qe2 Qa6 31. f3 Re6 32. Qxa6 Rxa6 33. Kf2 Kf6 34. Ke2 Ke7 35. Kd3 Rf6 36. Ke2 Re6 37. Kd3 Rf6 38. Ke2 Re6 39. Kd3 f5 40. Re2 Rb6 41. Rec2 Rb3+ 42. R5c3 Rxc3+ 43. Rxc3 Kd6 44. b4 axb3 45. Rxb3 Kc7 46. Rb4 Re8 47. Ra4 Kb6 48. Rb4+ Kc7 49. Ra4 Kb8 50. Rb4 Kc7 51. Ra4 Rf8 52. f4 Re8 53. Ra5 Rg8 54. Ke2 Rb8 55. Kd2 Kd6 56. Kd3 Ke6 57. Ra7 Kd6 58. Ra5 Kc7 59. Kd2 Rg8 60. Ke2 Kb6 61. Ra4 Kc7 62. Ra5 Rh8 63. Kf3 Re8 64. Ra4 Rb8 65. Ke2 Kb6 66. Kd2 Kb5 67. Rb4+ Ka5 68. Rb3 Ka6 69. Rb4 b6 70. Kd3 Kb7 71. Ra4 Rg8 72. Ke2 Rh8 73. Rb4 Kc7 74. Ra4 Kb7 75. Rb4 Ra8 76. Rb3 Ra4 77. Kd2 Rc4 78. Rb2 h5 79. Rb3 Ka6 80. Rb2 Ka5 81. Rb1 b5 82. Rd1 Ka4 83. Ra1 Kb3 84. Rb1+ Ka2 85. Rg1 Kb2 86. g4 hxg4 87. Rh1 g3 88. Rg1 g2 89. Kd3 Rc3+ 90. Kd2 Rc2+ 91. Kd3 Rf2 92. a4 bxa4 93. e4 dxe4+ 94. Ke3 Rf3+ 95. Ke2 Rg3 0-1

[Event "Mukachevo Rating 29th"]
[Site "Mukachevo"]
[Date "2016.02.04"]
[Round "2"]
[White "Fastovets, Arsen"]
[Black "Peppas, Hrisovaladis"]
[Result "0-1"]
[WhiteElo "1601"]
[BlackElo "1858"]
[PlyCount "56"]
[EventDate "2016.02.03"]
[EventType "swiss"]
[EventRounds "9"]
[EventCountry "UKR"]
[SourceTitle "CBM 170 Extra"]
[Source "ChessBase"]
[SourceDate "2016.02.25"]
[SourceVersion "1"]
[SourceVersionDate "2016.02.25"]
[SourceQuality "1"]

1. Nf3 d5 2. b4 Bg4 3. e3 e5 4. Be2 Bxf3 5. Bxf3 e4 6. Be2 Bxb4 7. c4 Bd6 8. cxd5 Nd7 9. Bb2 Qg5 10. 0-0 Ngf6 11. Nc3 Qe5 12. g3 h5 13. Qc2 h4 14. Nb5 Qf5 15. Nxd6+ cxd6 16. Bb5 Qh3 17. Bxd7+ Kxd7 18. Qa4+ Kd8 19. Bxf6+ gxf6 20. Qxe4 hxg3 21. Qg2 gxh2+ 22. Kh1 Qh4 23. Rac1 Kd7 24. f4 Rag8 25. Qe4 Rg1+ 26. Rxg1 hxg1Q+ 27. Kxg1 Qh2+ 28. Kf1 Qh1+ 0-1